000 00554nmm a2200205Ia 4500
008 251105s9999||||xx |||||||||||||||||und||
020 _a9788433960931
041 _aspa
100 _aSebald, W.G.
245 0 _aLos anillos de Saturno
264 _a[Madrid, España] :
_bEditorial Anagrama,
_c2008
300 _a323 páginas
490 _aCompactos
650 _aBiography
700 _aSebald, W.G.
700 1 _a Pichter, Georg
700 1 _a Gómez García, Carmen
856 _uhttps://public.digitaliapublishing.com/a/82527
942 _cCF
999 _c71274
_d71274